| Tag |
First Indicator |
Second Indicator |
Subfields |
| LEADER |
00000pam a2200000 i 4500 |
| 001 |
in00000467921 |
| 005 |
20151013050852.0 |
| 008 |
750305s1976 nju b 00110 eng |
| 010 |
|
|
|a 75006800
|
| 020 |
|
|
|a 0136996450
|
| 035 |
|
|
|a (OCoLC)01255097
|
| 035 |
|
|
|9 ACA6814AM
|
| 040 |
|
|
|a DLC
|c DLC
|d TXA
|d UtOrBLW
|
| 049 |
|
|
|a TXAM
|c [1235425]
|
| 050 |
0 |
0 |
|a HB171.5
|b .H66
|
| 082 |
0 |
|
|a 330
|
| 100 |
1 |
|
|a Hirshleifer, Jack.
|
| 245 |
1 |
0 |
|a Price theory and applications /
|c Jack Hirshleifer.
|
| 264 |
|
1 |
|a Englewood Cliffs, N.J. :
|b Prentice-Hall,
|c [1976]
|
| 264 |
|
4 |
|c ©1976
|
| 300 |
|
|
|a xv, 506 pages :
|b graphs ;
|c 25 cm.
|
| 336 |
|
|
|a text
|b txt
|2 rdacontent
|
| 337 |
|
|
|a unmediated
|b n
|2 rdamedia
|
| 338 |
|
|
|a volume
|b nc
|2 rdacarrier
|
| 500 |
|
|
|a Includes bibliographical references and indexes.
|
| 650 |
|
0 |
|a Microeconomics.
|
| 999 |
|
|
|a MARS
|
| 999 |
f |
f |
|s e4e65077-d6fe-3bcd-9aec-a99d4ce943b4
|i f1d7d22c-2f2c-368b-a6d7-b676511f6473
|t 0
|